| 000 | 00604nam a2200181Ia 4500 | ||
|---|---|---|---|
| 008 | 151018s9999 xx 000 0 und d | ||
| 082 |
_bRBASDV61587 _a891.462 |
||
| 100 | _aप्रल्हाद केशव अत्रे | ||
| 245 | _aघराबाहेर | ||
| 250 | _b3 | ||
| 260 |
_bनवभारत प्रकाशन _c1944 |
||
| 300 | _a103 | ||
| 600 | _aप्रल्हाद केशव अत्रे | ||
| 630 | _aघराबाहेर | ||
| 700 | _aप्रल्हाद केशव अत्रे | ||
| 730 | _aघराबाहेर | ||
| 942 | _cBOOK | ||
| 999 |
_c1054885 _d1054882 |
||